Agroecología para todos : (Registro nro. 8862)

Detalles MARC
000 -CABECERA
Campo de control 00996nam a22002417a 4500
005 - FECHA Y HORA DE LA ULTIMA TRANSACCION
Campo de control 20141204091614.0
008 - ELEMENTOS DE LONGITUD FIJA—INFORMACION GENERAL
Campo de control 141203b2004 bl Il. |r|||| 00| 0 spa d
040 ## - FUENTE DE CATALOGACIÓN
Agencia transcriptora CO-BoIH
041 ## - IDIOMA
Código de idioma para texto/pista de sonido o título separado Español
044 ## - PAÍS DE PUBLICACIÓN
País de publicación Brasil
090 ## - CLASIFICACIÓN LOCAL
Colección EA
Consecutivo 00185
245 0# - MENCION DE TITULO
Título Agroecología para todos :
Parte restante del título Ríosucio Caldas
260 ## - PUBLICACION, DISTRIBUCION, ETC. (PIE DE IMPRENTA)
Lugar de publicación, distribución, etc. Brasil :
Nombre del editor, distribuidor, etc. Alcaldía Municipal Ríosucio,
-- CORPOCALDAS,
Fecha de publicación, distribución, etc. 2004.
300 ## - DESCRIPCION FISICA
Extensión 20 pag
Otros detalles físicos Il.
Dimensiones 28 x 21 cm
504 ## - NOTA DE BIBLIOGRAFIA, ETC.
Nota de bibliografía Incluye referencias bibliográficas
650 #6 - ASIENTO SECUNDARIO DE MATERIA - TERMINO TEMATICO
Término temático o nombre geográfico como elemento de entrada Manejo de suelos
Subdivisión geográfica Ríosucio - Caldas (Dpt. Colombia)
650 ## - ASIENTO SECUNDARIO DE MATERIA - TERMINO TEMATICO
Término temático o nombre geográfico como elemento de entrada Conservación de suelos
Subdivisión geográfica Ríosucio - Caldas (Dpt. Colombia)
650 ## - ASIENTO SECUNDARIO DE MATERIA - TERMINO TEMATICO
Término temático o nombre geográfico como elemento de entrada Alelopatía.
Subdivisión geográfica Ríosucio - Caldas (Dpt. Colombia)
650 ## - ASIENTO SECUNDARIO DE MATERIA - TERMINO TEMATICO
Término temático o nombre geográfico como elemento de entrada Plantas ornamentales
Subdivisión general Cultivo
Subdivisión geográfica Ríosucio - Caldas (Dpt. Colombia)
650 ## - ASIENTO SECUNDARIO DE MATERIA - TERMINO TEMATICO
Término temático o nombre geográfico como elemento de entrada Plantas ornamentales
Subdivisión general Enfermedades y plagas
Subdivisión geográfica Ríosucio - Caldas (Dpt. Colombia)
650 #4 - ASIENTO SECUNDARIO DE MATERIA - TERMINO TEMATICO
Término temático o nombre geográfico como elemento de entrada Plantas transgénicas
Subdivisión general Cultivo
Subdivisión geográfica Ríosucio - Caldas (Dpt. Colombia)
942 ## - ELEMENTOS ADICIONALES (KOHA)
Sistema de clasificación Local
Tipo de ítem Libro
Existencias
Withdrawn status Lost status Sistema de Clasificación Damaged status No para préstamo Colección Inventariado Ubicación Permanente Ubicación actual Fecha de adquisición Total Checkouts Número topográfico Inventario / Código de Barras Date last seen Ejemplar Price effective from Forma de adquisición Tipo de material
    Local     Educación Ambiental Inventariado 2017 Sala Fabio Quevedo Sala Fabio Quevedo 03/12/2014   EA-00185 034902 03/12/2014 Ej. 1 03/12/2014   Libro